000 01089cam a22003014a 4500
001 16531850
003 OSt
005 20250130140353.0
008 101104s2010 ke ab b 000 0 eng
010 _a 2010323782
020 _a9966726519
040 _aDLC
_cDLC
042 _alcode
_apcc
043 _afe-----
050 0 0 _aHQ1236.5.A354
_bB49 2010
245 0 0 _aBeyond numbers :
_bnarrating the impact of women's leadership in eastern Africa /
_c[Rosemary Okello-Orlale and Wilson Ugangu].
260 _aNairobi :
_bAfrican Woman & Child Feature Service,
_cc2010.
300 _ax, 118 p. :
_bill., maps ;
_c25 cm.
504 _aIncludes bibliographical references (p. 117).
650 0 _aWomen
_xPolitical activity
_zAfrica, Eastern.
650 0 _aWomen legislators
_zAfrica, Eastern
700 1 _aOrlale, Rosemary Okello.
700 1 _aUgangu, Wilson.
710 2 _aAfrican Women and Child Feature Service.
906 _a7
_bcbc
_corigode
_d3
_encip
_f20
_gy-gencatlg
942 _2ddc
_cBK
999 _c4066
_d4066